Utilitarianism for and against.

Guardat en:
Dades bibliogràfiques
Autors principals: Smart, J.J.C (Autor), Williams, Bernard (Autor)
Format: Desconegut
Idioma:anglès
Publicat: Cambridge, United Kingdom: Cambridge University Press, 1973
Matèries:
Etiquetes: Afegir etiqueta
Sense etiquetes, Sigues el primer a etiquetar aquest registre!

MARC

LEADER 00000 a2200000 4500
003 CL-VaPUC
005 20220407092144.0
008 220401b1973 ||||| |||| 00| 0 eng d
999 |c 434100  |d 434098 
020 |a 978-0521098229 
040 |c Pontificia Universidad Católica de Valparaíso 
082 7 |a 144.6 SMA 1973  |2 22 
100 |a Smart, J.J.C.  |9 864494  |e author 
245 1 |a Utilitarianism for and against. 
260 |a Cambridge, United Kingdom:  |b Cambridge University Press,  |c 1973 
300 |a 155 páginas  
583 |k Cristina María Rojas Aguilar  |c 20220401 
650 0 |a Utilitarismo   |9 321614 
650 0 |a Ética  |9 255099 
700 |a Williams, Bernard  |9 344742  |e author 
942 |2 ddc  |c BK 
952 |0 0  |1 0  |2 ddc  |4 0  |6 144_600000000000000_SMA_1973  |7 0  |8 A  |9 582372  |a BIBEDU  |b BIBEDU  |c GEN  |d 2022-03-31  |e 74  |g 26457.00  |i 5650536  |o 144.6 SMA 1973  |p 5650536  |r 2022-03-31  |t 1  |v 26457.00  |w 2022-03-31  |y BK  |k FIL